[Event "FRA-chT1A 1112"]
[Site "France"]
[Date "2011.11.13"]
[Round "3.8"]
[White "Bollard, Maxime"]
[Black "Esposito, Marie Christine"]
[Result "0-1"]
[WhiteElo "2006"]
[BlackElo "2100"]
[PlyCount "92"]
[EventDate "2011.10.16"]
[EventType "team-tourn"]
[EventRounds "11"]
[EventCountry "FRA"]
[SourceTitle "EXT 2013"]
[Source "ChessBase"]
[SourceDate "2012.11.22"]
[SourceVersion "1"]
[SourceVersionDate "2012.11.22"]
[SourceQuality "1"]
[WhiteTeam "Agneaux Saint Lo"]
[BlackTeam "Issy les Moulineaux"]
[WhiteTeamCountry "FRA"]
[BlackTeamCountry "FRA"]

1. d4 Nf6 2. Bg5 Ne4 3. Bf4 d5 4. e3 Nd7 5. Bd3 Ndf6 6. Nd2 Nxd2 7. Qxd2 Nh5 8. Bg3 Nxg3 9. hxg3 g6 10. Nh3 Bg7 11. 0-0-0 c6 12. f4 Qb6 13. c4 Bg4 14. c5 Qc7 15. Be2 Bxe2 16. Qxe2 b6 17. Qc2 Rb8 18. b4 a5 19. Kd2 axb4 20. Rb1 bxc5 21. Qxc5 Rb5 22. Qc2 0-0 23. a4 Rb7 24. Rhc1 Rc8 25. Nf2 Qa5 26. Qc5 Qxa4 27. Ra1 Qb3 28. Rcb1 Qc4 29. Rc1 Qxc5 30. Rxc5 Rb6 31. Nd3 e6 32. Rb1 Bf8 33. Ra5 Rcb8 34. Ra7 b3 35. Ne5 R8b7 36. Rxb7 Rxb7 37. Kc3 Bb4+ 38. Kd3 Ba3 39. Nxc6 b2 40. Na5 Rb5 41. Nc6 f6 42. Kc2 Kf7 43. Na7 Rb6 44. Nc8 Rb7 45. Rh1 Ke8 46. Kb1 Kd8 0-1

[Event "FRA-chT1 1011"]
[Site "France"]
[Date "2010.10.17"]
[Round "1.8"]
[White "Bollard, Maxime"]
[Black "Hamon, Fanny"]
[Result "1-0"]
[WhiteElo "1985"]
[BlackElo "1499"]
[PlyCount "21"]
[EventDate "2010.10.17"]
[EventType "team-tourn"]
[EventRounds "11"]
[EventCountry "FRA"]
[SourceTitle "EXT 2012"]
[Source "ChessBase"]
[SourceDate "2011.11.24"]
[SourceVersion "1"]
[SourceVersionDate "2011.11.24"]
[SourceQuality "1"]

1. e4 e6 2. d4 d5 3. Nc3 g6 4. e5 Na6 5. h4 h5 6. Be2 b5 7. Bxb5+ c6 8. Bxc6+ Bd7 9. Bxa8 Qxa8 10. Nf3 Qc8 11. 0-0 1-0

[Event "FRA-chT2 West 0809"]
[Site "France"]
[Date "2008.12.14"]
[Round "4.4"]
[White "Bollard, Maxime"]
[Black "Lemeaux, David"]
[Result "0-1"]
[WhiteElo "1967"]
[BlackElo "2199"]
[PlyCount "88"]
[EventDate "2008.10.19"]
[EventType "team-tourn"]
[EventRounds "11"]
[EventCountry "FRA"]
[SourceTitle "EXT 2010"]
[Source "ChessBase"]
[SourceDate "2010.11.25"]
[SourceVersion "1"]
[SourceVersionDate "2010.11.25"]
[SourceQuality "1"]
[WhiteTeam "Agneaux Saint Lo"]
[BlackTeam "Echiquier Bordelais"]
[WhiteTeamCountry "FRA"]
[BlackTeamCountry "FRA"]

1. d4 d5 2. c4 e6 3. Nc3 Nf6 4. cxd5 Nxd5 5. e4 Nxc3 6. bxc3 c5 7. Nf3 cxd4 8. cxd4 Bb4+ 9. Bd2 Bxd2+ 10. Qxd2 0-0 11. Bd3 Nc6 12. Bc2 b6 13. 0-0 Bb7 14. Rfd1 Qd6 15. Qg5 h6 16. Qg3 Qxg3 17. hxg3 Nb4 18. Bb1 Rac8 19. Ne1 Rfd8 20. a3 Nc6 21. Nf3 Nxd4 22. Rxd4 Rxd4 23. Nxd4 Rc1+ 24. Kh2 Bxe4 25. Bxe4 Rxa1 26. Nc2 Rc1 27. g4 b5 28. Kg3 a5 29. Kf4 Rb1 30. Ke5 Rb2 31. Kd4 b4 32. axb4 axb4 33. f3 b3 34. Na3 Rf2 35. Kc3 b2 36. Nc4 Rxg2 37. Nxb2 g6 38. Nc4 f5 39. gxf5 exf5 40. Bd3 h5 41. Kd4 h4 42. Ne3 h3 43. Bf1 Rd2+ 44. Kc3 Rf2 0-1

[Event "FRA-chT2 West 0809"]
[Site "France"]
[Date "2008.11.22"]
[Round "2.4"]
[White "Bollard, Maxime"]
[Black "Le Gallo, Frederic"]
[Result "0-1"]
[WhiteElo "1967"]
[BlackElo "2031"]
[PlyCount "56"]
[EventDate "2008.10.19"]
[EventType "team-tourn"]
[EventRounds "11"]
[EventCountry "FRA"]
[SourceTitle "EXT 2010"]
[Source "ChessBase"]
[SourceDate "2010.11.25"]
[SourceVersion "1"]
[SourceVersionDate "2010.11.25"]
[SourceQuality "1"]
[WhiteTeam "Agneaux Saint Lo"]
[BlackTeam "Nantes II"]
[WhiteTeamCountry "FRA"]
[BlackTeamCountry "FRA"]

1. d4 Nf6 2. c4 g6 3. Nc3 d5 4. cxd5 Nxd5 5. Bd2 Nb6 6. Nf3 Bg7 7. Rc1 0-0 8. e3 Nc6 9. Bb5 Bd7 10. Ne4 a6 11. Bd3 e5 12. 0-0 f5 13. Qb3+ Kh8 14. Neg5 e4 15. Nf7+ Rxf7 16. Qxf7 exf3 17. gxf3 Qh4 18. Qb3 f4 19. Rfe1 Bh3 20. Bf1 Rd8 21. a4 Bxf1 22. Rxf1 Rd5 23. Rc5 Ne5 24. exf4 Rxc5 25. dxc5 Nbc4 26. Qxb7 h5 27. Be3 Qh3 28. fxe5 Nxe5 0-1

[Event "FRA-ch op-B"]
[Site "Aix les Bains"]
[Date "2007.08.19"]
[Round "6"]
[White "Bollard, Maxime"]
[Black "Iwanesko, Alexandre"]
[Result "0-1"]
[WhiteElo "1949"]
[BlackElo "1882"]
[PlyCount "89"]
[EventDate "2007.08.13"]
[EventType "swiss"]
[EventRounds "11"]
[EventCountry "FRA"]
[SourceTitle "CBM 120 Extra"]
[Source "ChessBase"]
[SourceDate "2007.11.01"]
[SourceVersion "1"]
[SourceVersionDate "2007.11.01"]
[SourceQuality "1"]

1. d4 Nf6 2. c4 g6 3. Nc3 Bg7 4. e4 d6 5. Be2 0-0 6. Nf3 e5 7. 0-0 Nc6 8. d5 Ne7 9. Nd2 Nd7 10. b4 f5 11. Ba3 Nf6 12. f3 f4 13. c5 g5 14. Nc4 h5 15. b5 Ne8 16. b6 axb6 17. cxb6 Rf6 18. Qb3 g4 19. bxc7 Nxc7 20. Nb6 g3 21. h3 Rxa3 22. Qxa3 Nb5 23. Nxb5 Qxb6+ 24. Kh1 Ng6 25. Qa7 Qd8 26. Qa8 Rf8 27. Na7 Qa5 28. Qb8 Bxh3 29. Qxd6 Bxg2+ 30. Kxg2 Qd2 31. Qe6+ Kh7 32. Qh3 Qxe2+ 33. Kh1 Nh4 34. Qxh4 g2+ 35. Kg1 gxf1Q+ 36. Rxf1 Rf6 37. Qf2 Qa6 38. Nc8 Bf8 39. Rc1 b6 40. Rc7+ Kh6 41. Kh2 Bc5 42. Qc2 Rg6 43. Rc6 Rxc6 44. dxc6 Qxc8 45. Qa4 0-1

[Event "FRA-ch op-B"]
[Site "Aix les Bains"]
[Date "2007.08.16"]
[Round "3"]
[White "Jardine, Ludovic"]
[Black "Bollard, Maxime"]
[Result "1/2-1/2"]
[WhiteElo "1912"]
[BlackElo "1949"]
[PlyCount "83"]
[EventDate "2007.08.13"]
[EventType "swiss"]
[EventRounds "11"]
[EventCountry "FRA"]
[SourceTitle "CBM 120 Extra"]
[Source "ChessBase"]
[SourceDate "2007.11.01"]
[SourceVersion "1"]
[SourceVersionDate "2007.11.01"]
[SourceQuality "1"]

1. d4 d6 2. Bf4 g6 3. e3 Bg7 4. Nf3 Nd7 5. h3 e5 6. Bh2 f5 7. Be2 e4 8. Nfd2 Ne7 9. 0-0 Nf6 10. c4 0-0 11. Nc3 Kh8 12. Rc1 c6 13. b4 d5 14. b5 a6 15. bxa6 bxa6 16. cxd5 cxd5 17. Na4 g5 18. Nb3 Bh6 19. Bc7 Qe8 20. Nbc5 Ng6 21. Nb6 Ra7 22. Bb8 Raf7 23. Nxc8 Qxc8 24. Nxa6 Qe8 25. Qb3 f4 26. Bb5 Qe6 27. Rc6 Qf5 28. Bd6 Rg8 29. Be5 Nxe5 30. dxe5 Qxe5 31. Qc3 Qf5 32. Nc7 Bg7 33. Ne6 g4 34. Nxg7 Kxg7 35. h4 g3 36. exf4 gxf2+ 37. Rxf2 Kh8 38. Kh2 e3 39. Rf1 Qg4 40. Qb2 Qxh4+ 41. Kg1 Rfg7 42. Qxf6 1/2-1/2

[Event "FRA-ch U16"]
[Site "Le Grand Bornand"]
[Date "2007.04.14"]
[Round "8"]
[White "Bollard, Maxime"]
[Black "Iellatchitch, Alexandre"]
[Result "0-1"]
[WhiteElo "1910"]
[BlackElo "2055"]
[PlyCount "139"]
[EventDate "2007.04.07"]
[EventType "swiss"]
[EventRounds "9"]
[EventCountry "FRA"]
[SourceTitle "CBM 118 Extra"]
[Source "ChessBase"]
[SourceDate "2007.07.04"]
[SourceVersion "1"]
[SourceVersionDate "2007.07.04"]
[SourceQuality "1"]

1. d4 Nf6 2. c4 c5 3. d5 b5 4. Nd2 Qa5 5. Qc2 e6 6. e4 bxc4 7. Bxc4 exd5 8. exd5 d6 9. Ngf3 Be7 10. 0-0 0-0 11. Re1 Re8 12. Ne4 Nbd7 13. Bg5 Bb7 14. Bxf6 Nxf6 15. Nfg5 Nxe4 16. Nxe4 Bf8 17. Re3 Re5 18. Rh3 f5 19. Nc3 Rae8 20. f4 Re3 21. Qxf5 Rxh3 22. Qxh3 Bc8 23. Qg3 Bf5 24. Re1 Qd8 25. Re3 g6 26. Qe1 Rxe3 27. Qxe3 Bg7 28. Kf1 Bd4 29. Qe2 Qh4 30. g3 Qf6 31. Nd1 h5 32. b3 Bg4 33. Qe8+ Kg7 34. Be2 Bh3+ 35. Ke1 Bg2 36. Bc4 Bg1 37. Qe2 Bh3 38. Qd2 Bg4 39. Be2 Bxh2 40. Qe3 Bxe2 41. Kxe2 h4 42. Qc3 Bxg3 43. Qxf6+ Kxf6 44. Kf3 g5 45. fxg5+ Kxg5 46. Nc3 Kf5 47. Nb5 a5 48. Na7 Be1 49. Nc6 h3 50. a3 h2 51. Kg2 Ke4 52. Kxh2 Kxd5 53. Na7 Ke4 54. Nb5 d5 55. Kg2 Kd3 56. Kf1 Bg3 57. Na7 Kc3 58. Nc6 Bc7 59. Ne7 Kxb3 60. Nxd5 Bd8 61. Ke2 Kxa3 62. Kd3 Kb3 63. Kd2 a4 64. Kc1 a3 65. Kb1 c4 66. Ka1 Ba5 67. Kb1 a2+ 68. Ka1 Bc3+ 69. Nxc3 Kxc3 70. Kxa2 0-1

[Event "FRA-chT2 West 0607"]
[Site "France"]
[Date "2006.11.26"]
[Round "3.8"]
[White "Bollard, Maxime"]
[Black "Chaumont, Adeline"]
[Result "1-0"]
[WhiteElo "1884"]
[BlackElo "1986"]
[PlyCount "73"]
[EventDate "2006.10.15"]
[EventType "team"]
[EventRounds "11"]
[EventCountry "FRA"]
[SourceTitle "EXT 2008"]
[Source "ChessBase"]
[SourceDate "2007.11.25"]
[SourceVersion "1"]
[SourceVersionDate "2007.11.25"]
[SourceQuality "1"]
[WhiteTeam "Agneaux Saint Lo"]
[BlackTeam "Le Vesinet"]
[WhiteTeamCountry "FRA"]
[BlackTeamCountry "FRA"]

1. d4 d5 2. c4 Nf6 3. cxd5 Nxd5 4. e4 Nf6 5. Nc3 e6 6. Nf3 Be7 7. Bd3 c6 8. 0-0 Nbd7 9. Bc2 Qc7 10. Bg5 h6 11. Bh4 e5 12. Re1 Bd6 13. Rc1 0-0 14. d5 c5 15. Nb5 Qb6 16. Nxd6 Qxd6 17. a4 Nh5 18. Nd2 Qg6 19. Nc4 Re8 20. Bd3 b6 21. Bg3 Nxg3 22. hxg3 a6 23. b3 Rb8 24. Qd2 Nf8 25. f4 Qxg3 26. Nxe5 Ng6 27. Nxg6 Qxg6 28. e5 Qg3 29. Qe3 Qxe3+ 30. Rxe3 Bb7 31. Be4 Rbd8 32. Rd3 Kf8 33. a5 f6 34. Bg6 Re7 35. d6 Re6 36. Bf5 Ree8 37. e6 1-0

[Event "FRA-ch U14"]
[Site "Aix les Bains"]
[Date "2006.04.20"]
[Round "6"]
[White "Bollard, Maxime"]
[Black "Sochacki, Wojtek"]
[Result "0-1"]
[WhiteElo "1865"]
[BlackElo "2011"]
[PlyCount "101"]
[EventDate "2006.04.16"]
[EventType "swiss"]
[EventRounds "9"]
[EventCountry "FRA"]
[SourceTitle "EXT 2007"]
[Source "ChessBase"]
[SourceDate "2006.11.23"]
[SourceVersion "1"]
[SourceVersionDate "2006.11.23"]
[SourceQuality "1"]

1. d4 Nf6 2. c4 c5 3. d5 b5 4. cxb5 a6 5. bxa6 g6 6. Nc3 Bxa6 7. f4 Bg7 8. Nf3 0-0 9. e4 Bxf1 10. Rxf1 d6 11. e5 Nfd7 12. e6 fxe6 13. Ng5 Rf5 14. Nxe6 Bxc3+ 15. bxc3 Qa5 16. g4 Rf6 17. Rf3 Na6 18. Kf2 Rb8 19. h4 Nf8 20. f5 Nxe6 21. dxe6 c4 22. Bg5 Rb2+ 23. Kf1 Qe5 24. Bf4 Qe4 25. Kg1 Nc5 26. Qf1 Nd3 27. a4 gxf5 28. g5 Rxe6 29. a5 Ne5 30. Re3 Qa8 31. Bxe5 Rxe5 32. Qxc4+ Kg7 33. Rg3 Rxa5 34. Re1 Ra1 35. Qe6 Rxe1+ 36. Qxe1 Qe4 37. Qxe4 fxe4 38. h5 Rd2 39. Rg4 d5 40. c4 e6 41. Kf1 Rh2 42. Rf4 Rxh5 43. c5 Rh1+ 44. Ke2 Rc1 45. Rf6 Rxc5 46. Rxe6 Ra5 47. Rd6 Kf7 48. Ke3 Ra3+ 49. Kf4 Rf3+ 50. Ke5 e3 51. Ra6 0-1

[Event "FRA-ch U14"]
[Site "Aix les Bains"]
[Date "2006.04.19"]
[Round "5"]
[White "Chretien, Antonin"]
[Black "Bollard, Maxime"]
[Result "0-1"]
[WhiteElo "1939"]
[BlackElo "1865"]
[PlyCount "146"]
[EventDate "2006.04.16"]
[EventType "swiss"]
[EventRounds "9"]
[EventCountry "FRA"]
[SourceTitle "EXT 2007"]
[Source "ChessBase"]
[SourceDate "2006.11.23"]
[SourceVersion "1"]
[SourceVersionDate "2006.11.23"]
[SourceQuality "1"]

1. d4 d6 2. Nf3 g6 3. c4 Bg7 4. Nc3 c5 5. d5 Bxc3+ 6. bxc3 f5 7. Qa4+ Bd7 8. Qb3 Qa5 9. Bd2 b6 10. a4 Nf6 11. e3 Na6 12. Bd3 0-0-0 13. 0-0 Nc7 14. Rfe1 e5 15. e4 Nxe4 16. Bxe4 fxe4 17. Ng5 Rdf8 18. Nxe4 Ne8 19. Bg5 Kc7 20. Bh6 Rf7 21. f3 Rg8 22. Bg5 Bf5 23. h4 Rh8 24. Bh6 Rg8 25. g4 Bxe4 26. fxe4 Rf3 27. Re3 Rxe3 28. Bxe3 Nf6 29. Rf1 Nxe4 30. Rf7+ Kb8 31. Kg2 Qxc3 32. Qxc3 Nxc3 33. Rxh7 Nxa4 34. Bc1 Nc3 35. Rd7 a5 36. Rxd6 Kc7 37. Rc6+ Kb7 38. Re6 Ne2 39. Bd2 a4 40. Rxe5 Nd4 41. Re7+ Ka6 42. Bc3 a3 43. Re1 Kb7 44. Re7+ Kb8 45. Bxd4 cxd4 46. Re1 Kc7 47. Ra1 Ra8 48. Kf3 Kd6 49. Ke4 Kc5 50. Kd3 Re8 51. h5 Re3+ 52. Kd2 gxh5 53. gxh5 Rh3 54. d6 Kxd6 55. h6 Kc5 56. h7 Kxc4 57. Rxa3 Rh2+ 58. Kd1 Rxh7 59. Rg3 Rh2 60. Rf3 b5 61. Kc1 b4 62. Rg3 b3 63. Rg8 Rc2+ 64. Kb1 d3 65. Rc8+ Kd4 66. Rb8 d2 67. Rd8+ Ke3 68. Re8+ Kf2 69. Rf8+ Ke1 70. Re8+ Kd1 71. Rb8 Rc1+ 72. Kb2 Ke2 73. Re8+ Kf3 0-1

[Event "FRA-chT U20a 0405"]
[Site "France"]
[Date "2005.05.15"]
[Round "9.4"]
[White "Bollard, Maxime"]
[Black "Saatdjian, Stephane"]
[Result "1/2-1/2"]
[WhiteElo "1875"]
[BlackElo "1931"]
[PlyCount "123"]
[EventDate "2004.11.19"]
[EventType "team"]
[EventRounds "11"]
[EventCountry "FRA"]
[SourceTitle "EXT 2006"]
[Source "ChessBase"]
[SourceDate "2005.11.24"]
[SourceVersion "1"]
[SourceVersionDate "2005.11.24"]
[SourceQuality "1"]

1. e4 c5 2. Nf3 g6 3. d4 cxd4 4. Nxd4 Bg7 5. Nc3 Nc6 6. Be3 Nf6 7. Bc4 Qa5 8. 0-0 0-0 9. Nb3 Qc7 10. Bg5 Ne5 11. Be2 d6 12. Bxf6 Bxf6 13. Nd5 Qb8 14. Nxf6+ exf6 15. f4 Nc6 16. Bc4 Be6 17. Qe2 Qc7 18. Bxe6 fxe6 19. Qg4 f5 20. exf5 exf5 21. Qf3 Rad8 22. Qd5+ Qf7 23. Qxf7+ Rxf7 24. c3 b6 25. a4 a6 26. Rad1 Rfd7 27. Rfe1 Kf7 28. Kf2 Re7 29. Rxe7+ Kxe7 30. Nd2 b5 31. axb5 axb5 32. Nf3 b4 33. c4 Na5 34. Rd4 Rc8 35. Nd2 Rc6 36. b3 Ke6 37. Rd3 Kf6 38. Rd5 Ra6 39. Rb5 Nc6 40. Rb7 h5 41. Ke3 Ra7 42. Rb6 Re7+ 43. Kf2 Rc7 44. Nf1 Ke6 45. Ne3 Kd7 46. Nc2 Ra7 47. Nxb4 Nxb4 48. Rxb4 Ra2+ 49. Kf3 Rc2 50. h4 Rc3+ 51. Kf2 Rc2+ 52. Kg1 Rc1+ 53. Kh2 Rf1 54. Kg3 Rc1 55. Kh2 Rf1 56. g3 Rc1 57. Rb7+ Ke6 58. Rb8 Rc2+ 59. Kh3 Rc3 60. Re8+ Kf7 61. Rd8 Ke7 62. Rb8 1/2-1/2

[Event "FRA-chT U20a 0405"]
[Site "France"]
[Date "2005.05.14"]
[Round "8.3"]
[White "Bollard, Maxime"]
[Black "Fernandez, Laura"]
[Result "1/2-1/2"]
[WhiteElo "1875"]
[BlackElo "1990"]
[PlyCount "91"]
[EventDate "2004.11.19"]
[EventType "team"]
[EventRounds "11"]
[EventCountry "FRA"]
[SourceTitle "EXT 2006"]
[Source "ChessBase"]
[SourceDate "2005.11.24"]
[SourceVersion "1"]
[SourceVersionDate "2005.11.24"]
[SourceQuality "1"]

1. e4 e5 2. Nf3 Nc6 3. Bb5 a6 4. Bxc6 dxc6 5. 0-0 Bd6 6. d4 f6 7. dxe5 fxe5 8. b3 Nf6 9. Re1 0-0 10. Bb2 Qe8 11. Nbd2 Bg4 12. h3 Bxf3 13. Nxf3 Rd8 14. Qe2 Nh5 15. Qc4+ Kh8 16. Rad1 Qe7 17. Bc1 Nf4 18. Bxf4 Rxf4 19. c3 Rdf8 20. Qe2 Qf6 21. Rd2 Qh6 22. Rc2 R8f6 23. Nh2 Qg5 24. Kh1 Bc5 25. f3 Rd6 26. Rd1 Rff6 27. Rcd2 h5 28. b4 Be3 29. Rd3 Rg6 30. c4 Rd4 31. Nf1 Rxd3 32. Rxd3 Bd4 33. Qd2 Qe7 34. Ne3 Bxe3 35. Rxe3 Rd6 36. Rd3 Rxd3 37. Qxd3 Qxb4 38. Qd8+ Kh7 39. Qxc7 Qc5 40. Qf7 b5 41. Qxh5+ Kg8 42. Qe8+ Kh7 43. cxb5 Qc1+ 44. Kh2 Qf4+ 45. Kg1 Qc1+ 46. Kh2 1/2-1/2

[Event "FRA-ch U14"]
[Site "Calvi"]
[Date "2005.04.19"]
[Round "4"]
[White "Bollard, Maxime"]
[Black "Massoni, Michael"]
[Result "1/2-1/2"]
[WhiteElo "1875"]
[BlackElo "2045"]
[PlyCount "51"]
[EventDate "2005.04.??"]
[EventType "swiss"]
[EventRounds "9"]
[EventCountry "FRA"]
[SourceTitle "EXT 2006"]
[Source "ChessBase"]
[SourceDate "2005.11.24"]
[SourceVersion "1"]
[SourceVersionDate "2005.11.24"]
[SourceQuality "1"]

1. d4 g6 2. c4 Bg7 3. Nc3 c5 4. d5 Bxc3+ 5. bxc3 f5 6. g3 d6 7. Bg2 Nf6 8. Qc2 Nbd7 9. Nf3 Qa5 10. Nd2 Ne5 11. f4 Nf7 12. 0-0 Bd7 13. e4 0-0-0 14. Rb1 fxe4 15. Qb2 Qc7 16. Nxe4 Bf5 17. Re1 h5 18. h4 Nh6 19. Ra1 Bxe4 20. Bxe4 Qd7 21. Bg2 Rde8 22. Bd2 Qg4 23. Rab1 b6 24. Qb5 Qd7 25. Qb3 Qg4 26. Qb5 1/2-1/2

[Event "Agneaux St Lo op 09th"]
[Site "Agneaux"]
[Date "2005.02.18"]
[Round "4"]
[White "Bollard, Maxime"]
[Black "Letort, Samuel"]
[Result "0-1"]
[WhiteElo "1840"]
[BlackElo "2011"]
[PlyCount "58"]
[EventDate "2005.02.16"]
[EventType "swiss"]
[EventRounds "6"]
[EventCountry "FRA"]
[SourceTitle "EXT 2006"]
[Source "ChessBase"]
[SourceDate "2005.11.24"]
[SourceVersion "1"]
[SourceVersionDate "2005.11.24"]
[SourceQuality "1"]

1. d4 Nf6 2. c4 c5 3. d5 b5 4. cxb5 a6 5. bxa6 Bxa6 6. Nc3 g6 7. f4 Bg7 8. Nf3 0-0 9. e4 Bxf1 10. Rxf1 d6 11. e5 dxe5 12. fxe5 Ng4 13. Qe2 Na6 14. e6 f6 15. h3 Nh6 16. Bf4 Nb4 17. d6 Nf5 18. d7 Qb6 19. g4 Nd4 20. Nxd4 cxd4 21. Nd1 d3 22. Qf2 Qxe6+ 23. Kd2 Qxd7 24. Qc5 Rfc8 25. Qxb4 Rc2+ 26. Ke3 Re2+ 27. Kf3 Qd5+ 28. Kg3 Rg2+ 29. Kh4 g5+ 0-1

[Event "FRA-chT U20 0405"]
[Site "Agneaux"]
[Date "2004.12.21"]
[Round "7.3"]
[White "Benassayag, Lucas"]
[Black "Bollard, Maxime"]
[Result "1-0"]
[WhiteElo "1997"]
[BlackElo "1840"]
[PlyCount "43"]
[EventDate "2004.12.16"]
[EventType "team"]
[EventRounds "7"]
[EventCountry "FRA"]
[SourceTitle "EXT 2006"]
[Source "ChessBase"]
[SourceDate "2005.11.24"]
[SourceVersion "1"]
[SourceVersionDate "2005.11.24"]
[SourceQuality "1"]
[WhiteTeam "Cannes"]
[BlackTeam "Agneaux Saint Lo"]
[WhiteTeamCountry "FRA"]
[BlackTeamCountry "FRA"]

1. e4 e6 2. d4 d5 3. Nc3 Bb4 4. e5 c5 5. a3 Bxc3+ 6. bxc3 Ne7 7. Nf3 b6 8. Bb5+ Bd7 9. Bd3 c4 10. Be2 Ba4 11. 0-0 h6 12. Nd2 Kd7 13. Rb1 Na6 14. Re1 Qg8 15. Nf1 Qh7 16. Ne3 Nf5 17. Nxc4 Nc7 18. Nb2 Ne3 19. Bxe3 Bxc2 20. Bd3 Bxd3 21. Qxd3 Qxd3 22. Nxd3 1-0

[Event "FRA-chT U20 0405"]
[Site "France"]
[Date "2004.11.21"]
[Round "2.4"]
[White "Bollard, Maxime"]
[Black "Chanoine, Arnaud"]
[Result "1-0"]
[WhiteElo "1840"]
[BlackElo "1720"]
[PlyCount "109"]
[EventDate "2004.11.20"]
[EventType "team"]
[EventRounds "11"]
[EventCountry "FRA"]
[SourceTitle "CBM 103 Extra"]
[Source "ChessBase"]
[SourceDate "2005.01.01"]
[SourceVersion "1"]
[SourceVersionDate "2005.01.01"]
[SourceQuality "1"]

1. e4 d6 2. d4 Nf6 3. Nc3 c6 4. f3 g6 5. Be3 Qa5 6. Qd2 b5 7. Bd3 Nbd7 8. h4 h5 9. 0-0-0 Rb8 10. Kb1 Qc7 11. Bf4 Bg7 12. e5 dxe5 13. dxe5 Nxe5 14. Bxe5 Qxe5 15. Bxb5 Bd7 16. Bc4 0-0 17. Re1 Qc5 18. Bb3 Rb7 19. Qe3 Qxe3 20. Rxe3 Bf5 21. Nge2 Nd5 22. Nxd5 cxd5 23. Rd1 Rc8 24. Nd4 e6 25. Nxf5 gxf5 26. Red3 a5 27. a4 Rb4 28. g3 Kh7 29. Ka2 Be5 30. f4 Bf6 31. c3 Rb6 32. Bxd5 Rcb8 33. R1d2 Rc8 34. Bf3 Kg6 35. Rd7 Rf8 36. Ra7 Rc8 37. Rxa5 Bxc3 38. bxc3 Rxc3 39. Bd1 Rxg3 40. Rb5 Rc6 41. Rb3 Rg1 42. Bf3 Rcc1 43. Rg2+ Rxg2+ 44. Bxg2 Kf6 45. a5 Rc5 46. Ra3 Rc2+ 47. Kb3 Rxg2 48. a6 Rd2 49. a7 Rd8 50. a8Q Rxa8 51. Rxa8 e5 52. Ra6+ Ke7 53. fxe5 f4 54. Kc3 f3 55. Kd2 1-0

[Event "FRA-chT U20 0405"]
[Site "France"]
[Date "2004.11.21"]
[Round "3.3"]
[White "Bollard, Maxime"]
[Black "Le Ruyet, Leopold"]
[Result "0-1"]
[WhiteElo "1840"]
[BlackElo "1903"]
[PlyCount "52"]
[EventDate "2004.11.20"]
[EventType "team"]
[EventRounds "11"]
[EventCountry "FRA"]
[SourceTitle "CBM 103 Extra"]
[Source "ChessBase"]
[SourceDate "2005.01.01"]
[SourceVersion "1"]
[SourceVersionDate "2005.01.01"]
[SourceQuality "1"]

1. e4 c5 2. Nf3 d6 3. d3 Nf6 4. g3 g6 5. Bg2 Bg7 6. Nbd2 0-0 7. 0-0 Nc6 8. c3 Qc7 9. Nh4 e6 10. f4 Rb8 11. f5 d5 12. fxg6 hxg6 13. exd5 exd5 14. Nhf3 d4 15. cxd4 cxd4 16. Nb3 Nd5 17. Re1 Bg4 18. a3 a5 19. Qc2 Rfe8 20. Qc4 Bxf3 21. Rxe8+ Rxe8 22. Bxf3 Ne3 23. Qb5 Re5 24. Nc5 Nd8 25. b4 b6 26. Na6 Qc3 0-1

[Event "FRA-chT U20 0405"]
[Site "France"]
[Date "2004.11.20"]
[Round "1.3"]
[White "Bollard, Maxime"]
[Black "Le Bail, Arielle"]
[Result "0-1"]
[WhiteElo "1840"]
[BlackElo "1690"]
[PlyCount "66"]
[EventDate "2004.11.20"]
[EventType "team"]
[EventRounds "11"]
[EventCountry "FRA"]
[SourceTitle "CBM 103 Extra"]
[Source "ChessBase"]
[SourceDate "2005.01.01"]
[SourceVersion "1"]
[SourceVersionDate "2005.01.01"]
[SourceQuality "1"]

1. d4 f5 2. Nf3 e6 3. c4 Nf6 4. Nc3 Bb4 5. a3 Bxc3+ 6. bxc3 b6 7. Qb3 Bb7 8. g3 0-0 9. Bg2 d6 10. 0-0 Nbd7 11. c5 Bd5 12. c4 Bb7 13. cxd6 cxd6 14. Ng5 Bxg2 15. Kxg2 Qe7 16. c5 Rfe8 17. cxb6 Nxb6 18. Bd2 Rab8 19. Qd3 Nbd5 20. Rab1 Rb7 21. Qa6 Reb8 22. Rxb7 Rxb7 23. Nxe6 Ne4 24. Ba5 Rb8 25. Nf4 Nxf4+ 26. gxf4 h6 27. f3 Nf6 28. Bb4 Rd8 29. Re1 Kh7 30. Qd3 Qe6 31. e4 Nh5 32. Bd2 Kh8 33. exf5 Qxe1 0-1

[Event "FRA-chT U20 0304"]
[Site "France"]
[Date "2004.05.02"]
[Round "11"]
[White "Peiffer Smadja, Amiel"]
[Black "Bollard, Maxime"]
[Result "1-0"]
[WhiteElo "1760"]
[BlackElo "1740"]
[PlyCount "71"]
[EventDate "2003.11.??"]
[EventType "team"]
[EventRounds "11"]
[EventCountry "FRA"]
[SourceTitle "EXT 2005"]
[Source "ChessBase"]
[SourceDate "2004.11.15"]
[SourceVersion "1"]
[SourceVersionDate "2004.11.15"]
[SourceQuality "1"]
[WhiteTeam "Vandoeuvre"]
[BlackTeam "Agneaux Saint Lo"]
[WhiteTeamCountry "FRA"]
[BlackTeamCountry "FRA"]

1. e4 e6 2. d4 d5 3. exd5 exd5 4. Bd3 Nc6 5. Ne2 Nb4 6. Nbc3 Bd6 7. Bf4 Nxd3+ 8. Qxd3 Ne7 9. Qg3 Nf5 10. Qd3 Bb4 11. Qb5+ c6 12. Qxb4 a5 13. Qc5 Be6 14. Ng3 Ne7 15. Nce2 0-0 16. 0-0 Ng6 17. Qc3 Qh4 18. Qe3 Qe7 19. Qd2 Rae8 20. Rfe1 Nxf4 21. Nxf4 g5 22. Nxe6 fxe6 23. Re5 h6 24. Qxa5 Rf4 25. Qd2 Ref8 26. Rf1 Qf7 27. Qe2 Rf6 28. Nh5 Rg6 29. f4 g4 30. Qd3 Ra8 31. a3 Kh8 32. f5 exf5 33. Rexf5 Qe7 34. Rf7 Qe6 35. R7f6 Rxf6 36. Nxf6 1-0

[Event "FRA-chT U20 0304"]
[Site "France"]
[Date "2004.05.01"]
[Round "10"]
[White "Bollard, Maxime"]
[Black "Schaeffer, Vincent1111"]
[Result "1/2-1/2"]
[WhiteElo "1740"]
[BlackElo "1610"]
[PlyCount "95"]
[EventDate "2003.11.??"]
[EventType "team"]
[EventRounds "11"]
[EventCountry "FRA"]
[SourceTitle "EXT 2005"]
[Source "ChessBase"]
[SourceDate "2004.11.15"]
[SourceVersion "1"]
[SourceVersionDate "2004.11.15"]
[SourceQuality "1"]
[WhiteTeam "Agneaux Saint Lo"]
[BlackTeam "Bischwiller"]
[WhiteTeamCountry "FRA"]
[BlackTeamCountry "FRA"]

1. d4 d5 2. c4 e6 3. Nc3 Nf6 4. Nf3 Be7 5. e3 0-0 6. Bd3 c6 7. 0-0 Nbd7 8. Re1 dxc4 9. Bxc4 Nb6 10. Bd3 c5 11. dxc5 Bxc5 12. e4 Ng4 13. Re2 Bd4 14. Nxd4 Qxd4 15. Be3 Nxe3 16. Rxe3 e5 17. Rg3 Be6 18. Qh5 f6 19. Qh6 Qd7 20. Qe3 Rfd8 21. h4 Qf7 22. Be2 Nc4 23. Qh6 Nxb2 24. Bh5 Qe7 25. Qc1 Nd3 26. Qe3 Nf4 27. Be2 Nxe2+ 28. Qxe2 Rac8 29. h5 Bc4 30. Qg4 Be6 31. Qh4 b6 32. h6 g6 33. Rf3 Kf7 34. g4 Rd4 35. Qg3 Kg8 36. g5 Rf8 37. gxf6 Rxf6 38. Qg5 Rf7 39. Qxe7 Rxe7 40. Rf6 Bc4 41. Rc6 Kf7 42. Kg2 Re6 43. Rc7+ Re7 44. Rc6 Re6 45. Rc7+ Re7 46. Rc8 Re8 47. Rc7+ Re7 48. Rc8 1/2-1/2